|
|
|
|
| LEADER |
01059nam a2200253 a 4500 |
| 001 |
15257655 |
| 008 |
091017r20081999enk b 001 0 eng d |
| 010 |
|
|
|a 2008297804
|
| 020 |
|
|
|a 9788125028439
|
| 020 |
|
|
|a 8125028439
|
| 082 |
0 |
0 |
|a 321.0092/2
|2 22
|
| 040 |
|
|
|a BTCTA
|c BTCTA
|d BAKER
|d YDXCP
|d BWX
|d MEA
|d DLC
|
| 100 |
1 |
|
|a Harman, Chris.
|
| 245 |
1 |
2 |
|a A people's history of the world /
|c Chris Harman.
|
| 260 |
|
|
|a London ;
|a New York :
|b Verso,
|c 2008.
|
| 300 |
|
|
|a vii, 729 p. ;
|c 21 cm.
|
| 500 |
|
|
|a "From the Stone Age to the new millennium"--Cover.
|
| 500 |
|
|
|a Originally published: London : Bookmarks, 1999.
|
| 504 |
|
|
|a Includes bibliographical references and index.
|
| 541 |
1 |
|
|e 00019422
|
| 650 |
|
0 |
|a World history.
|
| 852 |
4 |
|
|a Ayesha Abed Library
|j General Shelf.
|
| 999 |
|
|
|c 4623
|d 4623
|
| 952 |
|
|
|0 0
|1 0
|2 ddc
|4 1
|6 321_009220000000000_HAR
|7 0
|9 4407
|a ENH
|b ENH
|d 2009-10-09
|l 1
|o 321.00922 HAR
|p 3010019422
|r 2014-05-14
|s 2013-02-18
|t 1
|w 2009-10-18
|y BK
|x Departmental-issued damaged books were found in the ENH department for the reason of termites eaten in 2016
|